Missing Word: Government Acronyms Quiz Stats

 Plays Quiz Updated Nov 17, 2016

Challenge
Share
Tweet
Embed
Score 0/18 Timer 02:00
3 Plays Today
Government Term Missing Word % Correct
_______ Intelligence AgencyCentral
94.6%
Federal Bureau of _______Investigation
94%
Food and Drug _______Administration
88.3%
United States _______ ServicePostal
82.8%
Gross National _______Product
82.6%
_______ Protection AgencyEnvironmental
79.4%
_______ Enforcement AdministrationDrug
79.1%
Department of _______Defense
78.7%
Americans with _______ ActDisabilities
77.6%
Government Term Missing Word % Correct
Department of _______Transportation
75.2%
Joint _______ of StaffChiefs
70.7%
Federal _______ CommissionTrade
68.4%
United States Department of _______Agriculture
68.2%
North American Free Trade _______Agreement
63.5%
Federal _______ Management AgencyEmergency
63.3%
Federal Deposit _______ CorporationInsurance
54.6%
Federal _______ CommissionCommunications
51.8%
National _______ and Space AdministrationAeronautics
47.9%

Today's Daily Dose

You're not logged in!

Compare scores with friends on all Sporcle quizzes.
Join for Free
OR
Log In

You Might Also Like...

Show Comments

Extras

Top Quizzes Today


Score Distribution

Your Account Isn't Verified!

In order to create a playlist on Sporcle, you need to verify the email address you used during registration. Go to your Sporcle Settings to finish the process.

Report this User

Report this user for behavior that violates our Community Guidelines.

Details: